[Event "4NCL Online Division 4"]
[Site "online"]
[Date "2020.05.19"]
[Round "7.114"]
[White "Podlesak, Mark"]
[Black "Morrison, Joseph"]
[Result "1-0"]
[WhiteElo "1675"]
[BlackElo "1495"]
[PlyCount "91"]
[EventDate "2020.05.19"]
[WhiteTeam "Shropshire 3"]
[BlackTeam "Surbiton 3"]

1. d4 d5 2. Nf3 c5 3. e3 Nc6 4. Bb5 e6 5. O-O Nf6 6. c4 a6 7. Ba4 Be7 8. cxd5
Nxd5 9. dxc5 Bxc5 10. Bxc6+ bxc6 11. e4 Nf6 12. Qxd8+ Kxd8 13. Ne5 Rf8 14. Rd1+
Kc7 15. Nc3 Bb7 16. Bf4 Kc8 17. Rac1 Nh5 18. Na4 Nxf4 19. Rxc5 f6 20. Nb6+ Kb8
21. Ned7+ Ka7 22. Nxa8 Rxa8 23. g3 Ng6 24. f3 Rd8 25. Rcc1 e5 26. Nc5 Rxd1+ 27.
Rxd1 Kb6 28. Nxb7 Kxb7 29. Rd7+ Kb6 30. Rxg7 Nf8 31. Rf7 Ne6 32. Rxf6 Nd4 33.
Kf2 Kb5 34. Rh6 c5 35. Rxh7 a5 36. h4 a4 37. h5 a3 38. bxa3 c4 39. h6 Kb6 40.
Re7 c3 41. h7 c2 42. h8=Q c1=Q 43. Qb8+ Kc5 44. Rc7+ Nc6 45. Rxc6+ Kxc6 46.
Qc8+ 1-0

[Event "4NCL Online Division 4"]
[Site "online"]
[Date "2020.05.19"]
[Round "7.121"]
[White "Rathbone-Jones, Ifan"]
[Black "Turner, Howard"]
[Result "1-0"]
[WhiteElo "2072"]
[BlackElo "1885"]
[PlyCount "127"]
[EventDate "2020.05.19"]
[WhiteTeam "To Be Decided"]
[BlackTeam "Catford Cosmonauts 3"]

1. d4 Nf6 2. Bf4 g6 3. Nc3 d5 4. f3 Bg7 5. e4 dxe4 6. fxe4 O-O 7. Nf3 c5 8. d5
Qa5 9. Bd2 Na6 10. Be2 Qb4 11. a3 Qb6 12. h3 Nh5 13. Na4 Qc7 14. O-O Ng3 15.
Rf2 Nxe4 16. Rf1 Bxh3 17. Be1 Bg4 18. Qd3 Bxf3 19. Bxf3 Bd4+ 20. Kh1 Ng3+ 21.
Bxg3 Qxg3 22. Be2 Qh4+ 23. Qh3 Qxh3+ 24. gxh3 Nc7 25. c3 Bg7 26. Nxc5 Nxd5 27.
Bf3 e6 28. Rae1 b6 29. Nd7 Rfd8 30. Ne5 Rac8 31. Nxf7 Rd7 32. Bg4 Nc7 33. Ng5
Re8 34. Rf2 Rde7 35. Ne4 Rd8 36. h4 Rf8 37. Kg2 Rxf2+ 38. Kxf2 e5 39. Rd1 Ne6
40. Bxe6+ Rxe6 41. Rd8+ Bf8 42. Ng5 Rd6 43. Ra8 Rf6+ 44. Ke3 h6 45. Nf3 Re6 46.
Rxa7 e4 47. Nd4 Bc5 48. b4 Bxd4+ 49. cxd4 g5 50. hxg5 hxg5 51. d5 Re5 52. d6
Rd5 53. d7 Kf8 54. Kxe4 Rd1 55. Kf5 Ke7 56. Kxg5 Rxd7 57. Rxd7+ Kxd7 58. Kf6
Kd6 59. Kf7 Kd5 60. Ke7 Kc4 61. Kd6 Kb5 62. Kd5 Ka4 63. Kc6 Kxa3 64. b5 1-0

[Event "4NCL Online Division 4"]
[Site "online"]
[Date "2020.05.19"]
[Round "7.122"]
[White "Stewart, Martin"]
[Black "Gurner, Jem"]
[Result "1-0"]
[WhiteElo "1802"]
[BlackElo "1975"]
[PlyCount "57"]
[EventDate "2020.05.19"]
[WhiteTeam "Catford Cosmonauts 3"]
[BlackTeam "To Be Decided"]

1. e4 g6 2. f4 Bg7 3. Nf3 d6 4. d3 c5 5. c3 Nc6 6. Be2 Nf6 7. O-O O-O 8. Qe1 e6
9. h3 b5 10. Be3 b4 11. Nbd2 Rb8 12. g4 bxc3 13. bxc3 Qa5 14. Nc4 Qc7 15. Qh4
Ba6 16. Ncd2 Qa5 17. Rac1 Rb2 18. f5 Nxe4 19. Nxe4 Rxe2 20. f6 Rxe3 21. fxg7
Kxg7 22. Qf6+ Kg8 23. Nfg5 Qd8 24. Qf2 Rxe4 25. Nxe4 Bxd3 26. Nf6+ Kg7 27. g5
Rh8 28. Nh5+ gxh5 29. Qxf7# 1-0

[Event "4NCL Online Division 4"]
[Site "online"]
[Date "2020.05.19"]
[Round "7.123"]
[White "Vanjare, Aditya"]
[Black "Orpwood, Steven"]
[Result "1-0"]
[WhiteElo "1705"]
[BlackElo "1742"]
[PlyCount "173"]
[EventDate "2020.05.19"]
[WhiteTeam "To Be Decided"]
[BlackTeam "Catford Cosmonauts 3"]

1. d4 d5 2. c4 e6 3. Nc3 Nf6 4. Nf3 Be7 5. Bf4 c6 6. e3 O-O 7. Qc2 Nbd7 8.
O-O-O a6 9. h4 b5 10. c5 Nh5 11. Bg5 Nhf6 12. Be2 Ng4 13. Bxe7 Qxe7 14. Ng5
Ngf6 15. g4 e5 16. f4 exf4 17. exf4 Qe3+ 18. Qd2 Qxd2+ 19. Kxd2 Bb7 20. Bf3
Rae8 21. Rhe1 Rxe1 22. Rxe1 Re8 23. Rxe8+ Nxe8 24. Ke3 Ndf6 25. Nh3 Bc8 26. Nf2
Nc7 27. g5 Nd7 28. Bg4 Kf8 29. f5 f6 30. g6 h6 31. Ne2 Ke7 32. Nf4 Ne8 33. N2d3
Nf8 34. Kf3 a5 35. Nc1 a4 36. b3 axb3 37. Nxb3 Nd7 38. Na5 Nb8 39. Nd3 Bd7 40.
Kf4 Na6 41. Bd1 Kd8 42. a4 bxa4 43. Bxa4 Kc7 44. Kg4 Nb8 45. Nf4 Bc8 46. Ne6+
Kd7 47. Nf4 Kc7 48. Nxd5+ cxd5 49. Bxe8 Na6 50. Nc6 Bd7 51. Bxd7 Kxd7 52. Na5
Nb4 53. Kf4 Nc2 54. Nb3 Kc6 55. Kf3 Ne1+ 56. Kf2 Nd3+ 57. Ke3 Ne1 58. Kf2 Nd3+
59. Ke2 Nf4+ 60. Kf3 Nd3 61. Na5+ Kc7 62. Nb3 Kc6 63. Nd2 Kb5 64. Nf1 Ne1+ 65.
Kg4 Nc2 66. Ng3 Nxd4 67. Nh5 Nc6 68. Nxg7 d4 69. Ne6 d3 70. Kf3 Ne7 71. g7 Kc6
72. Ke3 Nxf5+ 73. Kxd3 Ne7 74. Kd4 Kd7 75. Nf8+ Kc6 76. Ng6 Ng8 77. Kc4 f5 78.
h5 f4 79. Nxf4 Kc7 80. Kd5 Ne7+ 81. Ke6 Nc6 82. Nd5+ Kb7 83. g8=Q Nd4+ 84. Kd7
Nb3 85. Qc8+ Ka7 86. Qc7+ Ka8 87. Nb6# 1-0

[Event "4NCL Online Division 4"]
[Site "online"]
[Date "2020.05.19"]
[Round "7.124"]
[White "Oyvat, Cem"]
[Black "Jaberansari, Daniel"]
[Result "1-0"]
[WhiteElo "1667"]
[BlackElo "1645"]
[PlyCount "53"]
[EventDate "2020.05.19"]
[WhiteTeam "Catford Cosmonauts 3"]
[BlackTeam "To Be Decided"]

1. d4 Nf6 2. Bf4 g6 3. Nc3 Bg7 4. e4 d6 5. Qd2 O-O 6. O-O-O Nfd7 7. Nf3 c5 8.
dxc5 Nxc5 9. Bh6 a6 10. Bxg7 Kxg7 11. h4 b5 12. h5 Rh8 13. Qd4+ f6 14. e5 Nc6
15. exf6+ exf6 16. h6+ Kf8 17. Qxd6+ Qxd6 18. Rxd6 Ne7 19. Rd8+ Kf7 20. Rxh8 b4
21. Bc4+ Ne6 22. Ne4 Nf5 23. g4 Bb7 24. Rxh7+ Kg8 25. Rxb7 Re8 26. Nxf6+ Kh8
27. Rh7# 1-0

[Event "4NCL Online Division 4"]
[Site "online"]
[Date "2020.05.19"]
[Round "7.131"]
[White "Hill, Jonathan S"]
[Black "Bevan, Peter M"]
[Result "1-0"]
[WhiteElo "1975"]
[BlackElo "1855"]
[PlyCount "73"]
[EventDate "2020.05.19"]
[WhiteTeam "Urmston"]
[BlackTeam "Morriston Alekhine"]

1. d4 Nf6 2. Nf3 d5 3. Bf4 e6 4. e3 Bd6 5. Bg3 O-O 6. Nbd2 b6 7. Ne5 c5 8. c3
Ba6 9. Bxa6 Nxa6 10. Qa4 Nb8 11. O-O Qc7 12. f4 Nfd7 13. Ndf3 f6 14. Nd3 Qc6
15. Qc2 c4 16. Nf2 f5 17. Ne5 Nxe5 18. fxe5 Be7 19. h4 Nd7 20. Nh3 b5 21. Nf4
a5 22. Qf2 b4 23. h5 bxc3 24. bxc3 Nb6 25. Bh4 Rf7 26. Rab1 Bf8 27. Qg3 Nd7 28.
Rf2 Rb8 29. Rfb2 Rxb2 30. Rxb2 Ba3 31. Rb1 Nf8 32. Rb8 Be7 33. Bxe7 Rxe7 34. h6
Qc7 35. Qg5 g6 36. Nxg6 hxg6 37. Qxg6+ 1-0

[Event "4NCL Online Division 4"]
[Site "online"]
[Date "2020.05.19"]
[Round "7.132"]
[White "Howells, Chris"]
[Black "Niedbal, Piotr"]
[Result "1-0"]
[WhiteElo "1767"]
[BlackElo "1893"]
[PlyCount "59"]
[EventDate "2020.05.19"]
[WhiteTeam "Morriston Alekhine"]
[BlackTeam "Urmston"]

1. d4 Nf6 2. c4 g6 3. Nc3 Bg7 4. e4 O-O 5. Be2 d6 6. Nf3 e5 7. d5 a5 8. Bg5 h6
9. Bh4 g5 10. Bg3 Nh5 11. Nd2 Nf4 12. Bf1 Na6 13. a3 Nc5 14. Nb3 Nxb3 15. Qxb3
f5 16. f3 fxe4 17. fxe4 Qf6 18. O-O-O c6 19. Be1 Bg4 20. Rd2 Rfb8 21. h3 Bd7
22. g3 Ng6 23. Rf2 Qe7 24. Be2 b5 25. cxb5 cxb5 26. Nd1 b4 27. Bh5 a4 28. Qe3
Nh8 29. Bxb4 Ra7 30. Qxa7 1-0

[Event "4NCL Online Division 4"]
[Site "online"]
[Date "2020.05.19"]
[Round "7.133"]
[White "Whalley, Mark E"]
[Black "Williams, Duncan"]
[Result "0-1"]
[WhiteElo "1712"]
[BlackElo "1847"]
[PlyCount "42"]
[EventDate "2020.05.19"]
[WhiteTeam "Urmston"]
[BlackTeam "Morriston Alekhine"]

1. e4 e5 2. Nf3 Nc6 3. Bc4 Bc5 4. O-O Nf6 5. d4 Bxd4 6. Nxd4 Nxd4 7. f4 d6 8.
fxe5 dxe5 9. Bg5 Bg4 10. Bxf7+ Kxf7 11. Qxg4 h5 12. Qd1 Kg6 13. Bh4 Ne6 14. Nc3
Qd4+ 15. Bf2 Qb4 16. Rb1 Ng4 17. Qd7 Nd4 18. Nd5 Ne2+ 19. Kh1 Qxe4 20. Qe6+ Kh7
21. Nxc7 Nf4 0-1

[Event "4NCL Online Division 4"]
[Site "online"]
[Date "2020.05.19"]
[Round "7.134"]
[White "Smith, Andrew R"]
[Black "Randall, Grant"]
[Result "0-1"]
[WhiteElo "1659"]
[BlackElo "1540"]
[PlyCount "50"]
[EventDate "2020.05.19"]
[WhiteTeam "Morriston Alekhine"]
[BlackTeam "Urmston"]

1. e4 e5 2. Nf3 Nf6 3. Nxe5 d6 4. Nf3 Nxe4 5. d4 d5 6. Bd3 Be7 7. O-O O-O 8.
Nbd2 Nxd2 9. Qxd2 Nd7 10. c3 Nf6 11. Ne5 Bd6 12. Qg5 Be6 13. Qh4 Be7 14. Bg5 g6
15. f4 Re8 16. f5 gxf5 17. Bxf5 Bxf5 18. Rxf5 Ne4 19. Nxf7 Bxg5 20. Nxg5 Nxg5
21. Rxg5+ Kh8 22. Qf4 Re4 23. Qf7 Qxg5 24. Qxc7 Qe7 25. Qa5 Re1+ 0-1

[Event "4NCL Online Division 4"]
[Site "online"]
[Date "2020.05.19"]
[Round "7.141"]
[White "Robbings, Andrew MJ"]
[Black "Putar, Leon"]
[Result "0-1"]
[WhiteElo "2027"]
[BlackElo "1868"]
[PlyCount "70"]
[EventDate "2020.05.19"]
[WhiteTeam "Wantage"]
[BlackTeam "St Benildus B"]

1. e4 e6 2. b3 d5 3. Bb2 c5 4. e5 Nc6 5. Bb5 Bd7 6. Bxc6 Bxc6 7. Nf3 Ne7 8. O-O
Ng6 9. d3 Qc7 10. Re1 Be7 11. Nbd2 Rd8 12. g3 O-O 13. Qe2 b6 14. a4 a5 15. h4
d4 16. h5 Nh8 17. Nf1 Bd5 18. Bc1 f5 19. Bf4 Qb7 20. N1d2 Rf7 21. Kg2 Rd7 22.
Rh1 Bd8 23. Rh2 g6 24. hxg6 hxg6 25. Rah1 Rh7 26. Kg1 g5 27. Bxg5 Bxg5 28. Nxg5
Bxh1 29. Nxh7 Rxh7 30. f4 Rxh2 31. Kxh2 Qh7+ 32. Kg1 Bd5 33. Nf3 Ng6 34. Qf2
Qh5 35. Kg2 Qg4 0-1

[Event "4NCL Online Division 4"]
[Site "online"]
[Date "2020.05.19"]
[Round "7.142"]
[White "Boland, Dylan"]
[Black "Carter, John P"]
[Result "1/2-1/2"]
[WhiteElo "1842"]
[BlackElo "1802"]
[PlyCount "86"]
[EventDate "2020.05.19"]
[WhiteTeam "St Benildus B"]
[BlackTeam "Wantage"]

1. d4 Nf6 2. c4 g6 3. Nc3 d5 4. Bf4 Bg7 5. Nf3 O-O 6. e3 c5 7. dxc5 Qa5 8. Rc1
Rd8 9. Qb3 Qxc5 10. Be2 Nc6 11. O-O dxc4 12. Bxc4 e6 13. Rfd1 Bd7 14. Bd6 Qh5
15. Bc7 Rdc8 16. Qxb7 Na5 17. Bxa5 Qxa5 18. b3 a6 19. Nd4 h5 20. Qf3 Ng4 21.
Qe4 Ne5 22. f4 Nxc4 23. bxc4 Qb4 24. Nce2 Ra7 25. c5 Rac7 26. Qb1 Qxb1 27. Rxb1
Rxc5 28. Rb6 Bxd4 29. Nxd4 Bb5 30. Nxb5 axb5 31. Rb1 Rc1+ 32. Rxc1 Rxc1+ 33.
Kf2 Rc2+ 34. Kf3 Rxa2 35. Rxb5 Kg7 36. h4 Kf6 37. Rb7 Ra3 38. Rc7 Rb3 39. Ra7
Rc3 40. Rb7 Ra3 41. Rc7 Rb3 42. Ra7 Rc3 43. Rb7 Ra3 1/2-1/2

[Event "4NCL Online Division 4"]
[Site "online"]
[Date "2020.05.19"]
[Round "7.143"]
[White "Piggott, Roly"]
[Black "Putar, Lara"]
[Result "1-0"]
[WhiteElo "1772"]
[BlackElo "1821"]
[PlyCount "131"]
[EventDate "2020.05.19"]
[WhiteTeam "Wantage"]
[BlackTeam "St Benildus B"]

1. d4 Nf6 2. c4 g6 3. g3 Bg7 4. Bg2 d5 5. Nf3 O-O 6. O-O c5 7. cxd5 Nxd5 8. e4
Nf6 9. Re1 cxd4 10. Nxd4 Qb6 11. Nb3 Nc6 12. Be3 Qc7 13. Nc3 Rd8 14. Qe2 b6 15.
e5 Ng4 16. Nb5 Qb7 17. Rac1 Bd7 18. Bf4 Rac8 19. Red1 a6 20. Nc7 Rxc7 21. e6
fxe6 22. Rxd7 Rcxd7 23. Qxe6+ Kh8 24. Bxc6 Rd1+ 25. Rxd1 Rxd1+ 26. Kg2 Rd6 27.
Bxb7 Rxe6 28. Bc8 Re2 29. Bxg4 Rxb2 30. Be6 Rxa2 31. Bc7 Re2 32. Bg4 Rb2 33.
Be6 a5 34. Bxb6 a4 35. Bd4 Bxd4 36. Nxd4 a3 37. Nc6 a2 38. Bxa2 Rxa2 39. Nxe7
Kg7 40. Nd5 Rd2 41. Nf4 Kf6 42. h4 Kf5 43. Kf3 h6 44. g4+ Kf6 45. Ke3 Ra2 46.
f3 Rh2 47. h5 g5 48. Ne2 Rh1 49. Ng3 Ra1 50. Nf5 Ra3+ 51. Ke4 Ra4+ 52. Ke3 Ke5
53. Nxh6 Ra3+ 54. Ke2 Kf4 55. Nf7 Re3+ 56. Kd2 Rxf3 57. h6 Rh3 58. Ke2 Kxg4 59.
Kf2 Kf5 60. Kg2 Rh5 61. Kg3 Kf6 62. Kg4 Rh1 63. Nxg5 Rg1+ 64. Kh4 Kf5 65. h7
Rh1+ 66. Nh3 1-0

[Event "4NCL Online Division 4"]
[Site "online"]
[Date "2020.05.19"]
[Round "7.144"]
[White "Murray, Benjamin"]
[Black "Leake, John"]
[Result "1-0"]
[WhiteElo "1746"]
[BlackElo "1307"]
[PlyCount "97"]
[EventDate "2020.05.19"]
[WhiteTeam "St Benildus B"]
[BlackTeam "Wantage"]

1. e4 e5 2. Nf3 d6 3. d4 exd4 4. Nxd4 Nf6 5. Nc3 Be7 6. Bc4 c5 7. Nf3 a6 8. a4
Nc6 9. h3 Qb6 10. O-O Na5 11. Ba2 Bd7 12. Rb1 Rd8 13. Bg5 Be6 14. Nd5 Nxd5 15.
exd5 Bc8 16. Bxe7 Kxe7 17. Re1+ Kf8 18. Qe2 g6 19. Qe7+ Kg7 20. Ng5 Rdf8 21.
Re6 Qd8 22. Qxd8 Rxd8 23. Re7 Rhf8 24. Rbe1 Bd7 25. R1e4 h6 26. Nf3 b5 27. axb5
axb5 28. c3 c4 29. Nd4 Nb3 30. Bxb3 cxb3 31. Nxb3 Rfe8 32. Rxd7 Rxe4 33. Rxd8
Re2 34. Rxd6 Rxb2 35. Nd4 b4 36. cxb4 Rxb4 37. Nc6 Rb1+ 38. Kh2 Rb2 39. Kg3
Rb3+ 40. f3 Rb7 41. Kf4 Rb2 42. g4 Rh2 43. Rd7 g5+ 44. Kf5 Re2 45. Ne5 Kf8 46.
Rxf7+ Ke8 47. Ra7 Rd2 48. Ke6 Rb2 49. Ra8+ 1-0

[Event "4NCL Online Division 4"]
[Site "online"]
[Date "2020.05.19"]
[Round "7.151"]
[White "O'Byrne, Daniel"]
[Black "Iles, Stuart P"]
[Result "1/2-1/2"]
[WhiteElo "1669"]
[BlackElo "1832"]
[PlyCount "81"]
[EventDate "2020.05.19"]
[WhiteTeam "War & Piece"]
[BlackTeam "Clevedon"]

1. d4 d5 2. Bf4 Nc6 3. e3 Nf6 4. Nf3 Bg4 5. Nbd2 e6 6. c3 Bd6 7. Bg3 Ne4 8. Be2
Nxg3 9. hxg3 Ne7 10. Qb3 Qc8 11. c4 c6 12. cxd5 Nxd5 13. e4 Nb6 14. Rc1 Qd7 15.
a4 Rd8 16. a5 Nc8 17. O-O Qe7 18. Rfd1 O-O 19. a6 Nb6 20. axb7 Qxb7 21. e5 Bb8
22. Rc5 Qd7 23. Rdc1 Rc8 24. Bd3 Rc7 25. Qc2 g6 26. Be4 Nd5 27. Rxc6 Rfc8 28.
Bxd5 Qxd5 29. Rc3 Qb7 30. Qe4 Bxf3 31. gxf3 Qxb2 32. Rxc7 Rxc7 33. Rxc7 Bxc7
34. Qd3 Bb6 35. Nb3 Kg7 36. f4 h5 37. Kg2 Qa3 38. Qc4 Qb2 39. Qd3 Qa3 40. Qc4
Qb2 41. Qd3 1/2-1/2

[Event "4NCL Online Division 4"]
[Site "online"]
[Date "2020.05.19"]
[Round "7.152"]
[White "Bellingham, Andy"]
[Black "Chwieseni, Edward I"]
[Result "1-0"]
[WhiteElo "1885"]
[BlackElo "1696"]
[PlyCount "43"]
[EventDate "2020.05.19"]
[WhiteTeam "Clevedon"]
[BlackTeam "War & Piece"]

1. e4 e5 2. Nf3 Nc6 3. Bc4 Bc5 4. O-O Nf6 5. d3 d5 6. exd5 Nxd5 7. Bxd5 Qxd5 8.
Nc3 Qd8 9. h3 O-O 10. b3 Nd4 11. Nxe5 Qf6 12. Nc4 Ne2+ 13. Qxe2 Qxc3 14. Bb2
Qb4 15. Qe5 f6 16. Qd5+ Kh8 17. Ba3 c6 18. Qxc5 Qxc5 19. Bxc5 Re8 20. Nd6 Re2
21. Rfe1 Rxe1+ 22. Rxe1 1-0

[Event "4NCL Online Division 4"]
[Site "online"]
[Date "2020.05.19"]
[Round "7.153"]
[White "Chapman, Chas"]
[Black "Chindelevitch, Leonid"]
[Result "1/2-1/2"]
[WhiteElo "1675"]
[BlackElo "1810"]
[PlyCount "115"]
[EventDate "2020.05.19"]
[WhiteTeam "War & Piece"]
[BlackTeam "Clevedon"]

1. e4 d5 2. exd5 Nf6 3. Nc3 Nxd5 4. Nxd5 Qxd5 5. d3 e5 6. Nf3 Bg4 7. Be2 Nc6 8.
O-O O-O-O 9. c4 Qe6 10. Be3 e4 11. Ng5 Bxe2 12. Nxe6 Bxd1 13. Nxd8 Be2 14. Nxc6
bxc6 15. dxe4 Bxf1 16. Kxf1 Kb7 17. b3 Bd6 18. g3 Re8 19. f3 f5 20. Kf2 fxe4
21. fxe4 Rxe4 22. Kf3 Re6 23. Re1 g6 24. Kf2 Rf6+ 25. Kg2 Bb4 26. Rf1 Re6 27.
Bf4 Re2+ 28. Rf2 Re1 29. Bd2 Bxd2 30. Rxd2 Kb6 31. Kf2 Rh1 32. Kg2 Rc1 33. Rb2
Kc5 34. Rd2 a5 35. Kh3 Kb4 36. Rd7 a4 37. Rxc7 axb3 38. axb3 Kxb3 39. Rxh7 Rxc4
40. g4 c5 41. Rg7 Rc1 42. Rxg6 c4 43. Rb6+ Kc2 44. g5 c3 45. g6 Rg1 46. Rc6 Kd2
47. Rd6+ Ke3 48. Kh4 c2 49. Rc6 c1=Q 50. Rxc1 Rxc1 51. Kh5 Kf4 52. g7 Rg1 53.
Kh6 Kf5 54. Kh7 Rg2 55. g8=Q Rxh2+ 56. Kg7 Rg2+ 57. Kf8 Rxg8+ 58. Kxg8 1/2-1/2

[Event "4NCL Online Division 4"]
[Site "online"]
[Date "2020.05.19"]
[Round "7.154"]
[White "Peters, David"]
[Black "Blair, Jimmy"]
[Result "1-0"]
[WhiteElo "1795"]
[BlackElo "1375"]
[PlyCount "95"]
[EventDate "2020.05.19"]
[WhiteTeam "Clevedon"]
[BlackTeam "War & Piece"]

1. e4 c5 2. g3 d6 3. Bg2 Nf6 4. Ne2 g6 5. O-O Bg7 6. d3 O-O 7. Nd2 Nc6 8. f4
Bg4 9. h3 Bd7 10. Nf3 Qc8 11. Kh2 h6 12. c3 e5 13. Be3 Nh5 14. Qd2 exf4 15.
Nxf4 Nxf4 16. Bxf4 g5 17. Bxd6 Re8 18. Bxc5 g4 19. hxg4 Bxg4 20. Be3 Rd8 21.
Bxh6 Qe6 22. Bxg7 Kxg7 23. Qg5+ Qg6 24. Qxg6+ fxg6 25. d4 Rh8+ 26. Kg1 b5 27.
e5 Rae8 28. Ng5 Nd8 29. Ne4 Rh5 30. Nf6 Reh8 31. Nxg4 Ne6 32. Nf6 Rg5 33. g4
Nd8 34. Bd5 a6 35. Kg2 a5 36. Rh1 Nf7 37. Bxf7 Rxh1 38. Rxh1 Kxf7 39. Kf3 Ke6
40. Kf4 Rxe5 41. dxe5 g5+ 42. Ke4 Kf7 43. Kf5 Ke7 44. Rh7+ Kf8 45. Ne4 Kg8 46.
Ra7 a4 47. Nf6+ Kh8 48. Rh7# 1-0

[Event "4NCL Online Division 4"]
[Site "online"]
[Date "2020.05.19"]
[Round "7.161"]
[White "Chen, Daniel Xingyu"]
[Black "Allison, Conrad"]
[Result "0-1"]
[WhiteElo "1832"]
[BlackElo "1837"]
[PlyCount "58"]
[EventDate "2020.05.19"]
[WhiteTeam "Warwickshire Bears A"]
[BlackTeam "Kent KJCA Kestrels C"]

1. e4 d6 2. Nc3 Nf6 3. d4 Nbd7 4. Bc4 e5 5. Nf3 Be7 6. O-O c6 7. Re1 Qc7 8. a3
h6 9. dxe5 Nxe5 10. Nxe5 dxe5 11. h3 O-O 12. Qf3 b5 13. Ba2 a5 14. Ne2 c5 15.
Ng3 c4 16. Nf5 Bxf5 17. exf5 e4 18. Qe2 Qc5 19. Be3 Qxf5 20. Bd4 Rfe8 21. Rad1
Bc5 22. g4 Qg5 23. h4 Qxh4 24. Bxc5 Nxg4 25. Bd6 e3 26. f3 Nf2 27. Bh2 Re6 28.
Rd7 Rg6+ 29. Kf1 Qh3# 0-1

[Event "4NCL Online Division 4"]
[Site "online"]
[Date "2020.05.19"]
[Round "7.162"]
[White "Cook, John"]
[Black "Sandhu, Manvith"]
[Result "0-1"]
[WhiteElo "1815"]
[BlackElo "1885"]
[PlyCount "78"]
[EventDate "2020.05.19"]
[WhiteTeam "Kent KJCA Kestrels C"]
[BlackTeam "Warwickshire Bears A"]

1. c4 c6 2. g3 Nf6 3. Bg2 d5 4. Nf3 Bf5 5. O-O e6 6. d3 Be7 7. b3 O-O 8. Ba3
Nbd7 9. Bxe7 Qxe7 10. Nbd2 e5 11. Re1 Rfe8 12. e4 dxe4 13. dxe4 Bg6 14. Qc2
Rad8 15. Nh4 Nc5 16. Nxg6 hxg6 17. Re3 Ne6 18. Nf3 Qc5 19. Qc3 Nd4 20. b4 Qe7
21. Ree1 Nxf3+ 22. Bxf3 Rd4 23. Rad1 Red8 24. Rxd4 exd4 25. Qd2 Nd7 26. Bg2 Ne5
27. Rc1 Qe6 28. c5 Nc4 29. Qd3 Ne5 30. Qb3 d3 31. Qxe6 fxe6 32. Rd1 d2 33. f4
Ng4 34. Bh3 Ne3 35. Bxe6+ Kf8 36. Bb3 Nxd1 37. Bxd1 Rd4 38. a3 Rxe4 39. Kf2 Re1
0-1

[Event "4NCL Online Division 4"]
[Site "online"]
[Date "2020.05.19"]
[Round "7.163"]
[White "Dicen, Imogen"]
[Black "Verma, Shlok"]
[Result "1/2-1/2"]
[WhiteElo "1847"]
[BlackElo "1722"]
[PlyCount "128"]
[EventDate "2020.05.19"]
[WhiteTeam "Warwickshire Bears A"]
[BlackTeam "Kent KJCA Kestrels C"]

1. d4 d5 2. c4 dxc4 3. Nc3 Nf6 4. e4 e6 5. Bxc4 a6 6. Nf3 b5 7. Bd3 Bb7 8. Qc2
Nc6 9. e5 Nb4 10. Qe2 Nxd3+ 11. Qxd3 Nd5 12. Nxd5 Bxd5 13. Bd2 c5 14. dxc5 Bxc5
15. b3 Qb6 16. O-O Rd8 17. Qe2 Bxf3 18. gxf3 O-O 19. Bf4 Rd4 20. Be3 Rd5 21.
Bxc5 Qxc5 22. Rfe1 Rfd8 23. Rac1 Qb4 24. Red1 Qf4 25. Kh1 g6 26. Kg2 Rd2 27.
Qe1 Rxd1 28. Rxd1 Rxd1 29. Qxd1 Qxe5 30. Qd8+ Kg7 31. Qb6 Qg5+ 32. Kf1 Qc1+ 33.
Kg2 Qc8 34. Qd4+ Kg8 35. Qb6 e5 36. Qd6 Qe6 37. Qb8+ Kg7 38. Qb7 h5 39. Qe4 Qf5
40. Qb7 h4 41. h3 Qf6 42. Qd5 Qf4 43. Qb7 Qg5+ 44. Kf1 Qc1+ 45. Kg2 Qa3 46. Qd5
Kf6 47. Qc6+ Ke7 48. Qc7+ Ke6 49. Qc6+ Qd6 50. Qe4 a5 51. Qxh4 Qd4 52. Qh8 Qd7
53. Qb8 a4 54. Qb6+ Kd5 55. bxa4 bxa4 56. Qa5+ Ke6 57. Qb6+ Kf5 58. Qc5 f6 59.
Qc2+ Kg5 60. Qc1+ Kh5 61. Qc4 f5 62. Qg8 Kg5 63. Qh8 Qd4 64. Qg7 Kh5 1/2-1/2

[Event "4NCL Online Division 4"]
[Site "online"]
[Date "2020.05.19"]
[Round "7.164"]
[White "Metcalfe, Charlie P"]
[Black "Shearsby, Jude"]
[Result "0-1"]
[WhiteElo "1797"]
[BlackElo "1847"]
[PlyCount "66"]
[EventDate "2020.05.19"]
[WhiteTeam "Kent KJCA Kestrels C"]
[BlackTeam "Warwickshire Bears A"]

1. d4 Nc6 2. Nf3 d6 3. c4 Nf6 4. Nc3 g6 5. e4 Bg4 6. Be2 Bg7 7. Be3 O-O 8. O-O
e5 9. d5 Ne7 10. Nd2 Bxe2 11. Qxe2 Nh5 12. c5 f5 13. f3 f4 14. Bf2 g5 15. Nc4
Rf6 16. cxd6 cxd6 17. Nb5 Nc8 18. a4 Rh6 19. b4 a6 20. Nba3 Qe8 21. a5 Ng3 22.
Bxg3 fxg3 23. h3 Qh5 24. Qe3 Qh4 25. Rac1 Rg6 26. Rfd1 h5 27. Nb6 Nxb6 28. Qxb6
g4 29. Qxb7 Rf8 30. fxg4 hxg4 31. Qd7 gxh3 32. Qxh3 Qxe4 33. Rf1 Qe3+ 0-1

[Event "4NCL Online Division 4"]
[Site "online"]
[Date "2020.05.26"]
[Round "8.11"]
[White "Boumphrey, Luke S"]
[Black "Ward, James"]
[Result "1/2-1/2"]
[WhiteElo "2020"]
[BlackElo "1742"]
[PlyCount "167"]
[EventDate "2020.05.26"]
[WhiteTeam "Atticus B"]
[BlackTeam "War & Piece"]

1. e4 c6 2. d4 d5 3. Nd2 dxe4 4. Nxe4 Bf5 5. Ng3 Bg6 6. N1e2 h6 7. Nf4 Bh7 8.
Bc4 Nf6 9. O-O e6 10. Re1 Be7 11. c3 Nbd7 12. Qe2 O-O 13. Nxe6 fxe6 14. Qxe6+
Kh8 15. Qxe7 Qxe7 16. Rxe7 b5 17. Bb3 Rfe8 18. Rxe8+ Rxe8 19. Bd2 Nb6 20. Re1
Rxe1+ 21. Bxe1 Nfd5 22. Bd2 a5 23. a3 a4 24. Ba2 Bd3 25. f3 Nc4 26. Bxc4 Bxc4
27. Kf2 Nb6 28. Ne4 Kh7 29. Kg3 Bd5 30. Nd6 Nc4 31. Nxc4 Bxc4 32. Kf4 Bf1 33.
g4 Bc4 34. h4 Bd5 35. h5 g6 36. hxg6+ Kxg6 37. Kg3 h5 38. Bf4 Bc4 39. Bc7 Bd5
40. Bd8 Be6 41. Kf4 Bd5 42. Be7 Be6 43. gxh5+ Kxh5 44. Ke5 Bd5 45. f4 Kg6 46.
Bg5 Bc4 47. Kd6 Bd5 48. Kc5 Kf5 49. Bh6 Kg6 50. Bf8 Kf5 51. Bd6 Kg6 52. c4 bxc4
53. Kb4 c3 54. bxc3 Bb3 55. c4 Kf7 56. Kc5 Ke6 57. Bb8 Ba2 58. Be5 Bb3 59. Bc7
Ba2 60. Bd6 Bb3 61. Bb8 Ba2 62. d5+ cxd5 63. cxd5+ Bxd5 64. f5+ Kxf5 65. Kxd5
Kf6 66. Kc5 Ke6 67. Kc6 Ke7 68. Bg3 Kd8 69. Kb7 Kd7 70. Bf4 Kd8 71. Kb6 Kd7 72.
Kb5 Kc8 73. Ka6 Kd7 74. Kb5 Kc8 75. Kxa4 Kb7 76. Kb5 Ka7 77. Be3+ Kb7 78. a4
Kb8 79. Ka6 Ka8 80. a5 Kb8 81. Kb6 Ka8 82. a6 Kb8 83. Bf4+ Ka8 84. a7 1/2-1/2

[Event "4NCL Online Division 4"]
[Site "online"]
[Date "2020.05.26"]
[Round "8.12"]
[White "Morrison, Munroe L"]
[Black "Rothwell, James P"]
[Result "0-1"]
[WhiteElo "1717"]
[BlackElo "1892"]
[PlyCount "42"]
[EventDate "2020.05.26"]
[WhiteTeam "War & Piece"]
[BlackTeam "Atticus B"]

1. e4 e5 2. d4 exd4 3. Nf3 Nc6 4. Nxd4 Nf6 5. Nxc6 bxc6 6. Bd3 d5 7. exd5 cxd5
8. O-O Be7 9. Nc3 c6 10. Re1 O-O 11. Bg5 Be6 12. Qf3 Rb8 13. b3 Re8 14. Rad1
Bg4 15. Qg3 Bxd1 16. Rxd1 Nh5 17. Bxe7 Qxe7 18. Qh3 g6 19. g3 Qe6 20. Qh4 Qf6
21. Qa4 Qxc3 0-1

[Event "4NCL Online Division 4"]
[Site "online"]
[Date "2020.05.26"]
[Round "8.13"]
[White "Banerjee, Sanjoy K"]
[Black "O'Neill, Stephen G"]
[Result "1-0"]
[WhiteElo "1720"]
[BlackElo "1457"]
[PlyCount "61"]
[EventDate "2020.05.26"]
[WhiteTeam "Atticus B"]
[BlackTeam "War & Piece"]

1. e4 c5 2. Nf3 e6 3. d4 d5 4. Nbd2 Qa5 5. c3 cxd4 6. Nxd4 Nc6 7. N2b3 Qb6 8.
exd5 Nxd4 9. Qxd4 Qxd4 10. Nxd4 e5 11. Nb5 Kd7 12. c4 a6 13. Nc3 Bb4 14. Bd2 f5
15. a3 Bc5 16. b4 Bd4 17. Rc1 Nf6 18. Be2 b6 19. O-O h6 20. Be3 Bxe3 21. fxe3
Kd6 22. Rfd1 Bd7 23. c5+ bxc5 24. bxc5+ Kc7 25. c6 Be8 26. Na4 Bf7 27. d6+ Kd8
28. c7+ Kd7 29. Nb6+ Ke6 30. Bc4+ Nd5 31. Bxd5+ 1-0